| 000 | 00544nab a2200157Ia 4500 | ||
|---|---|---|---|
| 003 | ES-SlBCS | ||
| 005 | 20210601131330.0 | ||
| 008 | 140529s1988 xxu||||| |||| 00| 0 fre d | ||
| 041 | _afre | ||
| 100 | 1 |
_aAudigier, François _9183245 |
|
| 245 | 0 | 0 |
_aComment l'histoire et la géographie sont-elles enseignées? Exemple des classes de CM2 et 6e _c François Audigier, Claude Basuyau |
| 650 | 0 | 4 |
_aHistoria _92130 |
| 700 | 1 |
_aBasuyau, Claude _9183251 |
|
| 773 | 0 |
_tRevue Française de Pedagogie _gnº. 85, 1988, págs. 21-28 _wRev888 |
|
| 942 | _cAR | ||
| 999 |
_c561413 _d561413 |
||